Control theory and design: an RH2 and RH viewpoint (Record no. 38730)

MARC details
000 -LEADER
fixed length control field 00628nam a2200181 a 4500
008 - FIXED-LENGTH DATA ELEMENTS--GENERAL INFORMATION
fixed length control field 120416s1997 ||||||||||||||||| || u
020 ## - INTERNATIONAL STANDARD BOOK NUMBER
International Standard Book Number 0121791904
050 ## - LIBRARY OF CONGRESS CALL NUMBER
Classification number TJ 213 Col
100 ## - MAIN ENTRY--PERSONAL NAME
Personal name Colaneri, Patrizio
245 10 - TITLE STATEMENT
Title Control theory and design: an RH2 and RH viewpoint
260 ## - PUBLICATION, DISTRIBUTION, ETC.
Place of publication, distribution, etc. San Diego:
Name of publisher, distributor, etc. Academic Press
Date of publication, distribution, etc. 1997
300 ## - PHYSICAL DESCRIPTION
Extent vii, 378p. : ill.
350 ## - PRICE (NR) (BK AM CF MU VM SE) [OBSOLETE]
Price 0.00
650 #0 - SUBJECT ADDED ENTRY--TOPICAL TERM
Topical term or geographic name entry element CONTROL THEORY
650 #0 - SUBJECT ADDED ENTRY--TOPICAL TERM
Topical term or geographic name entry element AUTOMATIC CONTROL
700 ## - ADDED ENTRY--PERSONAL NAME
Personal name Locatelli, Arturo
995 ## - RECOMMENDATION 995 [LOCAL, UNIMARC FRANCE]
-- 0.00
-- CBU-MAIN LIBRARY (Kitwe)
-- 1
-- 35.90
-- 1
-- AVAILABLE
-- Main Library Open Access Collection
Holdings
Withdrawn status Lost status Source of classification or shelving scheme Damaged status Not for loan Home library Current library Shelving location Date acquired Total Checkouts Full call number Barcode Date last seen Price effective from Koha item type
          CBU-MAIN LIBRARY, KITWE. CBU-MAIN LIBRARY, KITWE.   11/30/2022   TJ 213 Col 38948 11/30/2022 11/30/2022 MONOGRAPH